LEADER 01275nam a2200289 i 4500 001 000000160412 003 CaOOAMICUS 005 20070321000000.0 008 070321s1992 it u000 u ita u 013 $a137775 020 $a88-10-70932-2 040 $aSeMil$bita 100 1 $aGargano, Innocenzo.$0(OLS)http://semarc/name/7916 245 10$aIniziazione alla Lectio divina :$bindicazioni metodologiche con l'esemplificazione di alcuni brani presi dal Vangelo secondo Matteo /$cInnocenzo Gargano. 260 $aBologna :$bEDB,$c1992. 300 $a144 p. ;$c19 cm. 490 0 $aConversazioni bibliche 650 4$aLectio divina.$0(OLS)http://semarc/subject/2808 830 0$aConversazioni bibliche.$0(OLS)http://semarc/title/21663 850 $aSeMil 852 $aSeMil$W1$xVenegono$y1$m2W I 99$j111887$B111887$CSeMilBibl$Z2$F121899 $81 900 1 $aGargano, Guido Innocenzo$c. 961 $aOmaggio: Altro 996 $6020$a88-10-70932-2$9(OLS)http://semarc/number/76230 996 $6245$aIniziazione alla Lectio divina :$bindicazioni metodologiche con l'esemplificazione di alcuni brani presi dal Vangelo secondo Matteo$9(OLS)http://semarc/title/143057 996 $6260$aBologna :$bEDB$9(OLS)http://semarc/publisher/29669 LEADER 01126nam a2200277 i 4500 001 000000194962 003 CaOOAMICUS 005 20101129000000.0 008 101129s1999 it u000 u ita u 013 $a173623 020 $a88-86881-71-1 040 $aSeMil$bita 100 1 $aMistò, Luigi,$c.$0(OLS)http://semarc/name/3941 245 10$aDio, il firmamento e Chiara :$bi giovani e la sessualità /$cLuigi Mistò. 260 $aSaronno :$bMonti,$c1999. 300 $a73 p. ;$c17 cm. 490 0 $aStop! 650 4$aSessualità - Educazione.$0(OLS)http://semarc/subject/22195 650 4$aAdolescenti - Educazione sessuale.$0(OLS)http://semarc/subject/30224 830 0$aStop!.$0(OLS)http://semarc/title/16549 850 $aSeMil 852 $aSeMil$W1$xVenegono$y1$m5C VI 10/29$j145531$B145531$CSeMilBibl$Z2$F157109 $81 961 $aOmaggio: Altro 996 $6020$a88-86881-71-1$9(OLS)http://semarc/number/186559 996 $6245$aDio, il firmamento e Chiara :$bi giovani e la sessualità$9(OLS)http://semarc/title/281164 996 $6260$aSaronno :$bMonti$9(OLS)http://semarc/publisher/31680 LEADER 00647naa a2200145 i 4500 001 000000297489 003 CaOOAMICUS 005 20180831172605.0 008 180831n xx u000 u und u 013 $a5014 040 $aSeMil$bita 100 1 $aRenoux, Charles,$d<1925- >.$0(OLS)http://semarc/name/90055 245 13$aLa Grande Semaine dans les textes du rite arménien. 773 0 $aHabtemichael-Kidane $tHebdomadae Sanctae celebratio.$dRoma : CLV Edizioni Liturgiche, copyr. 1997.$kBibliotheca Ephemerides Liturgicae. Subsidia$z88-86655-24-X$w()59301 996 $6245$aLa Grande Semaine dans les textes du rite arménien$9(OLS)http://semarc/title/373520